000 00271 a2200121 4500
245 _aMother
_hText
100 _aGorky,Maxim
650 _aENGLISH LITERATURE
005 20191021095309.0
260 _aRussia
_bProgress
_c1949
041 _aEnglish
084 _aPZ3G678MD
999 _c12065
_d12065